<?xml version="1.0" encoding="UTF-8"?><?xml-stylesheet type="text/xsl" href="static/style.xsl"?><OAI-PMH xmlns="http://www.openarchives.org/OAI/2.0/" xmlns:xsi="http://www.w3.org/2001/XMLSchema-instance" xsi:schemaLocation="http://www.openarchives.org/OAI/2.0/ http://www.openarchives.org/OAI/2.0/OAI-PMH.xsd"><responseDate>2026-04-17T06:42:26Z</responseDate><request verb="GetRecord" identifier="oai:www.recercat.cat:2117/393338" metadataPrefix="marc">https://recercat.cat/oai/request</request><GetRecord><record><header><identifier>oai:recercat.cat:2117/393338</identifier><datestamp>2025-07-23T06:50:23Z</datestamp><setSpec>com_2072_1033</setSpec><setSpec>col_2072_452951</setSpec></header><metadata><record xmlns="http://www.loc.gov/MARC21/slim" xmlns:dcterms="http://purl.org/dc/terms/" xmlns:xsi="http://www.w3.org/2001/XMLSchema-instance" xmlns:doc="http://www.lyncode.com/xoai" xsi:schemaLocation="http://www.loc.gov/MARC21/slim http://www.loc.gov/standards/marcxml/schema/MARC21slim.xsd">
   <leader>00925njm 22002777a 4500</leader>
   <datafield ind2=" " ind1=" " tag="042">
      <subfield code="a">dc</subfield>
   </datafield>
   <datafield ind2=" " ind1=" " tag="720">
      <subfield code="a">Mensalter Clusellas, Odin</subfield>
      <subfield code="e">author</subfield>
   </datafield>
   <datafield ind2=" " ind1=" " tag="260">
      <subfield code="c">2023-07-11</subfield>
   </datafield>
   <datafield ind2=" " ind1=" " tag="520">
      <subfield code="a">Cada any es venen més de mig milió de taules de surf i la majoria d'aquestes danyen el nostre planeta. Entre el 85-90% de les taules que trobem en el mercat, són fabricades amb materials contaminants. I amb una vida útil d'aproximadament 2 anys, aquesta indústria crea 200.000 tones de residus plàstics cada any.&#xd;
&#xd;
Aquest projecte se centra en dissenyar una taula de surf sostenible. Mitjançant l'aplicació de materials innovadors i no comuns en el món del surf, es mostra una possibilitat de practicar aquest esport sense generar un gran impacte en el medi ambient.&#xd;
&#xd;
Amb els coneixements de la ciència de materials, s'analitzen les propietats de cada material i s'apliquen innovadors processos de fabricació.</subfield>
   </datafield>
   <datafield ind2=" " ind1=" " tag="520">
      <subfield code="a">Cada año se venden más de medio millón de tablas de surf y la mayoría de estas dañan nuestro planeta. Entre el 85-90 % de las tablas que encontramos en el mercado, son fabricadas con materiales contaminantes. Y con una vida útil de aproximadamente 2 años, esta industria crea 200.000 toneladas de residuos plásticos cada año.&#xd;
&#xd;
Este proyecto se centra en diseñar una tabla de surf sostenible. Mediante la aplicación de materiales innovadores y no comunes en el mundo del surf, se muestra una posibilidad de practicar este deporte sin generar un gran impacto en el medio ambiente. &#xd;
&#xd;
Con los conocimientos de la ciencia de materiales, se analizan las propiedades de cada material y se aplican innovadores procesos de fabricación.</subfield>
   </datafield>
   <datafield ind2=" " ind1=" " tag="520">
      <subfield code="a">Every year, more than half a million surfboards are sold and most of these harm our planet. Between 85-90% of the boards that we find on the market are made from polluting materials, and with a useful life of about 2 years, this industry creates 200,000 tons of plastic waste every year.&#xd;
&#xd;
This project focuses on designing a sustainable surfboard, by implementing innovative and unusual materials. This creates a possibility of practicing this sport without creating a great impact on the environment.&#xd;
&#xd;
With the knowledge of materials science, the properties of each material are analyzed and new innovative manufacturing processes are applied.</subfield>
   </datafield>
   <datafield tag="653" ind2=" " ind1=" ">
      <subfield code="a">Àrees temàtiques de la UPC::Arquitectura::Disseny::Disseny industrial</subfield>
   </datafield>
   <datafield tag="653" ind2=" " ind1=" ">
      <subfield code="a">Surfboards</subfield>
   </datafield>
   <datafield tag="653" ind2=" " ind1=" ">
      <subfield code="a">Sustainable design</subfield>
   </datafield>
   <datafield tag="653" ind2=" " ind1=" ">
      <subfield code="a">Product design</subfield>
   </datafield>
   <datafield tag="653" ind2=" " ind1=" ">
      <subfield code="a">Surf</subfield>
   </datafield>
   <datafield tag="653" ind2=" " ind1=" ">
      <subfield code="a">Sostenibilidad</subfield>
   </datafield>
   <datafield tag="653" ind2=" " ind1=" ">
      <subfield code="a">Tabla de surf</subfield>
   </datafield>
   <datafield tag="653" ind2=" " ind1=" ">
      <subfield code="a">Materiales</subfield>
   </datafield>
   <datafield tag="653" ind2=" " ind1=" ">
      <subfield code="a">Tabla</subfield>
   </datafield>
   <datafield tag="653" ind2=" " ind1=" ">
      <subfield code="a">Impresión 3D</subfield>
   </datafield>
   <datafield tag="653" ind2=" " ind1=" ">
      <subfield code="a">Paulownia</subfield>
   </datafield>
   <datafield tag="653" ind2=" " ind1=" ">
      <subfield code="a">PETG</subfield>
   </datafield>
   <datafield tag="653" ind2=" " ind1=" ">
      <subfield code="a">Sustainability</subfield>
   </datafield>
   <datafield tag="653" ind2=" " ind1=" ">
      <subfield code="a">Surfboard</subfield>
   </datafield>
   <datafield tag="653" ind2=" " ind1=" ">
      <subfield code="a">3D printing</subfield>
   </datafield>
   <datafield tag="653" ind2=" " ind1=" ">
      <subfield code="a">Bamboo</subfield>
   </datafield>
   <datafield tag="653" ind2=" " ind1=" ">
      <subfield code="a">Bambú</subfield>
   </datafield>
   <datafield tag="653" ind2=" " ind1=" ">
      <subfield code="a">Planxes de surf</subfield>
   </datafield>
   <datafield tag="653" ind2=" " ind1=" ">
      <subfield code="a">Disseny sostenible</subfield>
   </datafield>
   <datafield tag="653" ind2=" " ind1=" ">
      <subfield code="a">Disseny de producte</subfield>
   </datafield>
   <datafield ind2="0" ind1="0" tag="245">
      <subfield code="a">Diseño de una tabla de surf sostenible</subfield>
   </datafield>
</record></metadata></record></GetRecord></OAI-PMH>